MARC

Tag First Indicator Second Indicator Subfields
LEADER 00000cam a2200000 a 4500
001 in00001127521
005 20150930081739.0
008 920717s1993 maub b 001 0 eng
010 |a  92028125  
020 |a 0896084477 (cloth : acid-free paper) :  |c $40.00 
020 |a 0896084469 (paper : acid-free paper) :  |c $16.00 
035 |a (OCoLC)26351432 
035 |9 AFX1351AM 
040 |a DLC  |c DLC  |d PMC  |d UtOrBLW 
043 |a n-us--- 
049 |a TXAM 
050 0 0 |a HC110.E5  |b C665 1993 
082 0 0 |a 363.7/008/693  |2 20 
245 0 0 |a Confronting environmental racism :  |b voices from the grassroots /  |c edited by Robert D. Bullard ; foreword by Benjamin F. Chavis, Jr. 
250 |a 1st ed. 
264 1 |a Boston, Mass. :  |b South End Press,  |c [1993] 
264 4 |c ©1993 
300 |a 259 pages :  |b maps ;  |c 22 cm. 
336 |a text  |b txt  |2 rdacontent 
337 |a unmediated  |b n  |2 rdamedia 
338 |a volume  |b nc  |2 rdacarrier 
500 |a "Library copy identical to one formerly in the Hazard Reduction and Recovery Center (HRRC) Library." 
504 |a Includes bibliographical references (pages 211-244) and index. 
505 0 |a Anatomy of environmental racism and the environmental justice movement / Robert D. Bullard -- Beyond toxic wastes and race / Charles Lee -- Environmentalism and the politics of inclusion / Dorceta E. Taylor -- Coping with industrial exploitation / Cynthia Hamilton -- Getting the lead out of the community / Janet Phoenix -- Race and waste in two Virginia communities / Robert W. Collin and William Harris, Sr. -- Environmental politics in Alabama's blackbelt / Conner Bailey, Charles E. Faupel, and James H. Gundlach -- Sustainable development at Ganados del Valle / Laura Pulido -- Nature and Chicanos in southern Colorado / Devon Peña and Joseph Gallegos -- Farmworkers and pesticides / Marion Moses -- Global threats to people of color / Dana Alston and Nicole Brown -- Conclusion : environmentalism with justice / Robert D. Bullard. 
650 0 |a Environmental policy  |z United States. 
650 0 |a Hazardous waste sites  |z United States. 
650 0 |a African Americans  |x Politics and government. 
650 0 |a Racism  |z United States. 
650 0 |a Minorities  |x Political activity  |z United States. 
650 0 |a Environmental policy  |z United States  |v Case studies. 
650 0 |a Hazardous waste sites  |z United States  |v Case studies. 
650 0 |a African Americans  |x Politics and government  |v Case studies. 
650 0 |a Racism  |z United States  |v Case studies. 
650 0 |a Minorities  |x Political activity  |z United States  |v Case studies. 
700 1 |a Bullard, Robert D.  |q (Robert Doyle),  |d 1946- 
999 |a MARS 
999 f f |s d1698e02-9bea-3610-a9e5-a790894eaa2e  |i a2d04388-9d6c-32d5-a8ba-c60b1bd3dee3  |t 0 
952 f f |p normal  |a Texas A&M University  |b College Station  |c Sterling C. Evans Library  |d Evans: Library Stacks  |t 0  |e HC110.E5 C665 1993  |h Library of Congress classification  |i unmediated -- volume  |m A14835797825 
952 f f |p ric  |a Texas A&M University  |b Rellis Campus  |c Joint Library Facility  |d Remote Storage  |t 0  |e HC110.E5 C665 1993  |h Library of Congress classification  |i unmediated -- volume  |m A14817446688 
998 f f |a HC110.E5 C665 1993  |t 0  |l Evans: Library Stacks 
998 f f |a HC110.E5 C665 1993  |t 0  |l Remote Storage